[Event "2012"]
[Site "Pyhajarve"]
[Date "2012.11.25"]
[Round "17.3"]
[White "SMITH, Axel"]
[Black "VOLODIN, Aleksandr"]
[Result "0-1"]
[LiveChessVersion "1.3.1"]
[BlackElo "2446"]
[WhiteElo "2490"]

1. Nf3 {[%clk 0:11:58]} c5 {[%clk 0:07:56]} 2. c4 {[%clk 0:11:56]} d6
{[%clk 0:07:53]} 3. d4 {[%clk 0:11:47]} cxd4 {[%clk 0:07:50]} 4. Nxd4
{[%clk 0:11:33]} b6 {[%clk 0:07:48]} 5. Nc3 {[%clk 0:11:30]} Bb7 {[%clk 0:07:48]}
6. e4 {[%clk 0:11:11]} Nf6 {[%clk 0:07:45]} 7. f3 {[%clk 0:10:42]} Nbd7
{[%clk 0:07:42]} 8. Be3 {[%clk 0:10:37]} e6 {[%clk 0:07:36]} 9. Be2
{[%clk 0:10:32]} Be7 {[%clk 0:07:35]} 10. O-O {[%clk 0:10:31]} O-O
{[%clk 0:07:32]} 11. Qd2 {[%clk 0:09:49]} Rc8 {[%clk 0:07:30]} 12. Rfc1
{[%clk 0:09:44]} a6 {[%clk 0:07:25]} 13. Bf1 {[%clk 0:09:37]} Qc7
{[%clk 0:07:13]} 14. Kh1 {[%clk 0:09:29]} Rfe8 {[%clk 0:07:09]} 15. a3
{[%clk 0:09:19]} Qb8 {[%clk 0:07:07]} 16. b4 {[%clk 0:09:10]} Ne5
{[%clk 0:06:41]} 17. Na4 {[%clk 0:09:03]} Bd8 {[%clk 0:06:39]} 18. Bg1
{[%clk 0:08:56]} h6 {[%clk 0:06:17]} 19. Rab1 {[%clk 0:08:50]} Bc7
{[%clk 0:05:33]} 20. Nb3 {[%clk 0:08:47]} Ned7 {[%clk 0:05:14]} 21. Rc2
{[%clk 0:08:02]} d5 {[%clk 0:04:36]} 22. exd5 {[%clk 0:08:00]} exd5 23. c5 Bf4
{[%clk 0:04:28]} 24. Qd1 {[%clk 0:07:46]} b5 {[%clk 0:04:19]} 25. Nb6
{[%clk 0:07:30]} Nxb6 {[%clk 0:04:00]} 26. cxb6 {[%clk 0:07:29]} Be3
{[%clk 0:03:54]} 27. Rxc8 {[%clk 0:06:44]} Bxc8 {[%clk 0:03:52]} 28. Bxe3
{[%clk 0:06:33]} Rxe3 {[%clk 0:03:52]} 29. Qd4 {[%clk 0:06:32]} Re6
{[%clk 0:03:45]} 30. Rc1 {[%clk 0:06:21]} Bd7 {[%clk 0:03:38]} 31. b7
{[%clk 0:06:02]} Qxb7 {[%clk 0:03:30]} 32. Nc5 {[%clk 0:06:00]} Qc7
{[%clk 0:03:12]} 33. Kg1 {[%clk 0:05:30]} Re8 {[%clk 0:03:07]} 34. Rc3
{[%clk 0:05:19]} Qd6 {[%clk 0:03:02]} 35. a4 {[%clk 0:04:20]} bxa4
{[%clk 0:02:52]} 36. Bxa6 {[%clk 0:04:19]} Rb8 {[%clk 0:02:50]} 37. Bf1
{[%clk 0:03:55]} Be8 {[%clk 0:02:42]} 38. Nd3 {[%clk 0:03:11]} Bb5
{[%clk 0:02:32]} 39. Rc5 {[%clk 0:03:03]} Bxd3 {[%clk 0:02:27]} 40. Bxd3
{[%clk 0:03:01]} a3 {[%clk 0:02:22]} 41. Qa1 {[%clk 0:02:58]} Qf4
{[%clk 0:02:07]} 42. Qxa3 {[%clk 0:02:33]} Qe3+ {[%clk 0:02:04]} 43. Kf1
{[%clk 0:02:33]} g6 {[%clk 0:01:57]} 44. Qc3 {[%clk 0:02:21]} d4 {[%clk 0:01:51]}
45. Qc2 {[%clk 0:02:13]} Kg7 {[%clk 0:01:29]} 46. b5 {[%clk 0:02:00]} Ra8
{[%clk 0:01:28]} 47. Qd1 {[%clk 0:01:53]} Ra2 {[%clk 0:01:22]} 48. Rc2
{[%clk 0:01:52]} Ra3 {[%clk 0:01:21]} 49. Rd2 {[%clk 0:01:30]} Nd5
{[%clk 0:01:18]} 50. Bb1 {[%clk 0:00:56]} Ra1 {[%clk 0:01:11]} 51. Re2
{[%clk 0:00:43]} Qc3 {[%clk 0:01:04]} 52. Kf2 {[%clk 0:00:38]} Qc5
{[%clk 0:00:51]} 53. Rc2 {[%clk 0:00:36]} Nc3 {[%clk 0:00:48]} 54. Rc1
{[%clk 0:00:33]} d3+ {[%clk 0:00:43]} 55. Kf1 {[%clk 0:00:31]} Qxb5
{[%clk 0:00:36]} 56. Qd2 {[%clk 0:00:30]} Nxb1 {[%clk 0:00:31]} 57. h4
{[%clk 0:00:25]} Nxd2+ 58. Kf2 Rxc1 {[%clk 0:00:29]} 0-1

[Event "2012"]
[Site "Pyhajarve"]
[Date "2012.11.25"]
[Round "17.4"]
[White "LIIVA, Riho"]
[Black "REBANE, Raul"]
[Result "1-0"]
[LiveChessVersion "1.3.1"]
[BlackElo "2147"]
[WhiteElo "2451"]

1. e4 {[%clk 0:03:59]} c6 {[%clk 0:16:00]} 2. c4 {[%clk 0:03:57]} d5
{[%clk 0:15:59]} 3. cxd5 {[%clk 0:03:57]} cxd5 {[%clk 0:15:58]} 4. exd5
{[%clk 0:03:56]} Nf6 {[%clk 0:15:58]} 5. Qa4+ {[%clk 0:03:55]} Nbd7
{[%clk 0:15:52]} 6. Nc3 {[%clk 0:03:54]} g6 {[%clk 0:15:52]} 7. Nf3 Bg7 8. Bc4
{[%clk 0:03:52]} O-O {[%clk 0:15:50]} 9. Qb3 {[%clk 0:03:51]} a6 {[%clk 0:15:44]}
10. a4 Nb6 11. d3 {[%clk 0:03:49]} Qd6 {[%clk 0:14:58]} 12. Be3 {[%clk 0:03:30]}
Nbd7 {[%clk 0:14:52]} 13. h3 {[%clk 0:03:03]} Ne5 {[%clk 0:13:50]} 14. Nxe5
{[%clk 0:03:02]} Qxe5 {[%clk 0:13:49]} 15. d4 {[%clk 0:02:44]} Qd6
{[%clk 0:13:23]} 16. O-O {[%clk 0:02:35]} b6 {[%clk 0:12:38]} 17. Qa3
{[%clk 0:02:18]} Qd8 {[%clk 0:12:27]} 18. Rfe1 {[%clk 0:02:01]} Bb7
{[%clk 0:12:17]} 19. Bg5 {[%clk 0:01:57]} Re8 {[%clk 0:12:09]} 20. d6
{[%clk 0:01:48]} Qxd6 {[%clk 0:11:46]} 21. Qxd6 {[%clk 0:01:43]} exd6
{[%clk 0:11:46]} 22. f3 {[%clk 0:01:28]} Rac8 {[%clk 0:11:13]} 23. Bb3
{[%clk 0:01:27]} Nh5 {[%clk 0:10:34]} 24. Rxe8+ {[%clk 0:01:25]} Rxe8
{[%clk 0:10:33]} 25. Rd1 {[%clk 0:01:24]} h6 26. Bc1 Ng3 {[%clk 0:09:51]} 27. Kf2
{[%clk 0:01:24]} Nf5 28. Ne2 Rxe2+ {[%clk 0:08:31]} 29. Kxe2 {[%clk 0:01:23]}
Nxd4+ {[%clk 0:08:30]} 30. Rxd4 {[%clk 0:01:22]} Bxd4 {[%clk 0:08:29]} 31. Bxh6
{[%clk 0:01:21]} Bxb2 {[%clk 0:08:26]} 32. Be3 {[%clk 0:01:20]} b5
{[%clk 0:08:19]} 33. axb5 {[%clk 0:01:20]} axb5 {[%clk 0:08:18]} 34. h4
{[%clk 0:01:19]} Kg7 {[%clk 0:07:55]} 35. g4 {[%clk 0:01:18]} Bf6
{[%clk 0:07:02]} 36. h5 {[%clk 0:01:18]} g5 {[%clk 0:06:21]} 37. f4
{[%clk 0:01:17]} gxf4 {[%clk 0:06:16]} 38. Bxf4 {[%clk 0:01:17]} Be5
{[%clk 0:06:10]} 39. h6+ {[%clk 0:01:09]} Kg8 {[%clk 0:05:54]} 40. Bxe5
{[%clk 0:00:48]} dxe5 {[%clk 0:05:53]} 41. Ke3 {[%clk 0:00:48]} Kh7
{[%clk 0:05:24]} 42. g5 {[%clk 0:00:47]} f5 {[%clk 0:05:03]} 43. gxf6
{[%clk 0:00:27]} Kxh6 44. Bc2 Kg5 45. f7 Bd5 1-0

[Event "2012"]
[Site "Pyhajarve"]
[Date "2012.11.25"]
[Round "17.5"]
[White "LAPIDUS, Mark"]
[Black "KULAOTS, Kaido"]
[Result "0-1"]
[LiveChessVersion "1.3.1"]
[BlackElo "2537"]
[WhiteElo "2298"]

1. d4 {[%clk 0:11:59]} Nf6 {[%clk 0:07:58]} 2. c4 {[%clk 0:11:58]} e6
{[%clk 0:07:54]} 3. Nf3 {[%clk 0:11:55]} d5 {[%clk 0:07:53]} 4. cxd5
{[%clk 0:11:47]} exd5 {[%clk 0:07:52]} 5. Nc3 {[%clk 0:11:46]} c6
{[%clk 0:07:48]} 6. Bg5 {[%clk 0:11:36]} Be7 {[%clk 0:07:44]} 7. Qc2
{[%clk 0:11:27]} g6 {[%clk 0:07:41]} 8. e3 {[%clk 0:11:11]} Bf5 {[%clk 0:07:39]}
9. Qb3 {[%clk 0:11:06]} Qb6 {[%clk 0:07:31]} 10. Qxb6 {[%clk 0:11:00]} axb6
{[%clk 0:07:29]} 11. a3 {[%clk 0:10:41]} Nbd7 {[%clk 0:07:21]} 12. Bf4
{[%clk 0:10:37]} O-O {[%clk 0:07:05]} 13. Be2 {[%clk 0:10:33]} b5
{[%clk 0:06:45]} 14. Rc1 {[%clk 0:10:28]} Nb6 {[%clk 0:06:35]} 15. Ne5
{[%clk 0:10:21]} Nc4 {[%clk 0:06:13]} 16. Nxc4 {[%clk 0:10:18]} bxc4
{[%clk 0:06:12]} 17. f3 {[%clk 0:09:53]} Rfe8 {[%clk 0:06:10]} 18. Kf2
{[%clk 0:09:33]} Bf8 {[%clk 0:06:07]} 19. g4 {[%clk 0:09:29]} Be6
{[%clk 0:06:00]} 20. h4 {[%clk 0:09:21]} h5 {[%clk 0:05:41]} 21. Bg5
{[%clk 0:09:01]} Bg7 {[%clk 0:05:22]} 22. Rcg1 {[%clk 0:08:48]} hxg4
{[%clk 0:05:14]} 23. fxg4 {[%clk 0:08:40]} b5 {[%clk 0:04:45]} 24. h5
{[%clk 0:08:34]} b4 {[%clk 0:04:34]} 25. axb4 {[%clk 0:08:31]} Rab8
{[%clk 0:04:33]} 26. h6 {[%clk 0:08:02]} Bh8 {[%clk 0:04:32]} 27. Bxf6
{[%clk 0:08:00]} Bxf6 {[%clk 0:04:30]} 28. g5 {[%clk 0:07:59]} Be7
{[%clk 0:04:20]} 29. b5 {[%clk 0:07:17]} cxb5 {[%clk 0:04:16]} 30. e4
{[%clk 0:07:15]} dxe4 {[%clk 0:03:54]} 31. Nxe4 {[%clk 0:07:14]} Rbd8
{[%clk 0:03:46]} 32. Nc5 {[%clk 0:06:22]} Bxc5 {[%clk 0:03:22]} 33. dxc5
{[%clk 0:06:21]} Rc8 {[%clk 0:03:18]} 34. b4 {[%clk 0:06:14]} cxb3
{[%clk 0:03:06]} 35. Bxb5 {[%clk 0:06:13]} Red8 {[%clk 0:03:05]} 36. c6
{[%clk 0:05:54]} Rd5 {[%clk 0:03:04]} 37. Ba4 {[%clk 0:05:47]} Ra5
{[%clk 0:02:59]} 38. Rh4 {[%clk 0:05:42]} Rca8 {[%clk 0:02:45]} 39. Bxb3
{[%clk 0:03:54]} Bxb3 {[%clk 0:02:41]} 40. Rb4 {[%clk 0:03:52]} Be6
{[%clk 0:02:26]} 41. c7 {[%clk 0:03:44]} Rc8 {[%clk 0:01:57]} 42. Rc1
{[%clk 0:02:56]} Rxg5 {[%clk 0:01:55]} 43. Rb8 {[%clk 0:02:50]} Kh7
{[%clk 0:01:53]} 44. Rd1 {[%clk 0:02:38]} Rxc7 {[%clk 0:01:41]} 45. Rdd8
{[%clk 0:02:35]} Rf5+ {[%clk 0:01:39]} 46. Kg3 {[%clk 0:02:32]} Kxh6
{[%clk 0:01:38]} 0-1

[Event "2012"]
[Site "Pyhajarve"]
[Date "2012.11.25"]
[Round "17.6"]
[White "VOROBJOV, Pavel"]
[Black "VALGMAE, Toomas"]
[Result "1-0"]
[LiveChessVersion "1.3.1"]
[BlackElo "2257"]
[WhiteElo "2206"]

1. Nf3 {[%clk 0:07:58]} d5 {[%clk 0:11:59]} 2. c4 {[%clk 0:07:57]} c6
{[%clk 0:11:58]} 3. b3 {[%clk 0:07:55]} Nf6 {[%clk 0:11:56]} 4. Bb2
{[%clk 0:07:53]} e6 {[%clk 0:11:53]} 5. g3 {[%clk 0:07:51]} Nbd7 {[%clk 0:11:51]}
6. Bg2 {[%clk 0:07:48]} Bd6 {[%clk 0:11:50]} 7. O-O {[%clk 0:07:44]} O-O
{[%clk 0:11:49]} 8. d3 {[%clk 0:07:43]} Qe7 {[%clk 0:11:16]} 9. Nbd2
{[%clk 0:07:35]} Rd8 {[%clk 0:11:06]} 10. Qc2 {[%clk 0:07:26]} b5
{[%clk 0:10:45]} 11. cxb5 {[%clk 0:07:00]} cxb5 {[%clk 0:10:44]} 12. Nd4
{[%clk 0:06:58]} Bb7 {[%clk 0:10:30]} 13. Nxb5 {[%clk 0:06:54]} Rdc8
{[%clk 0:10:28]} 14. Qb1 {[%clk 0:06:39]} Bc5 {[%clk 0:10:13]} 15. Nf3
{[%clk 0:06:12]} a6 {[%clk 0:09:39]} 16. Nbd4 {[%clk 0:05:41]} Rc7
{[%clk 0:08:45]} 17. a3 {[%clk 0:05:30]} a5 {[%clk 0:08:23]} 18. Nb5
{[%clk 0:05:17]} Rcc8 {[%clk 0:08:21]} 19. d4 {[%clk 0:05:04]} Bb6
{[%clk 0:08:12]} 20. a4 {[%clk 0:05:03]} Ne4 {[%clk 0:07:57]} 21. Rc1
{[%clk 0:04:35]} Ba6 {[%clk 0:07:46]} 22. Ba3 {[%clk 0:04:25]} Qd8
{[%clk 0:07:45]} 23. Qd3 {[%clk 0:04:18]} Rab8 {[%clk 0:06:38]} 24. Rxc8
{[%clk 0:04:08]} Rxc8 {[%clk 0:06:32]} 25. Rc1 {[%clk 0:03:56]} Rxc1+
{[%clk 0:06:12]} 26. Bxc1 {[%clk 0:03:54]} Qc8 {[%clk 0:06:12]} 27. Bf4
{[%clk 0:03:52]} f6 {[%clk 0:05:49]} 28. Nd2 {[%clk 0:03:32]} f5 {[%clk 0:04:57]}
29. Nxe4 {[%clk 0:03:15]} fxe4 {[%clk 0:04:50]} 30. Qd2 {[%clk 0:03:07]} Qc6
{[%clk 0:03:56]} 31. Bh3 {[%clk 0:02:57]} Nf8 {[%clk 0:03:24]} 32. Nc3
{[%clk 0:02:19]} Bd8 {[%clk 0:03:10]} 33. Be5 {[%clk 0:02:13]} Be7
{[%clk 0:02:59]} 34. Nd1 {[%clk 0:02:02]} Ng6 {[%clk 0:02:41]} 35. Qxa5
{[%clk 0:01:38]} Nxe5 {[%clk 0:02:33]} 36. dxe5 {[%clk 0:01:36]} Bxe2
{[%clk 0:02:30]} 37. Qd2 {[%clk 0:01:30]} Bf3 {[%clk 0:01:56]} 38. Ne3
{[%clk 0:01:15]} Bc5 {[%clk 0:01:40]} 39. Qc2 {[%clk 0:01:11]} Qb6
{[%clk 0:01:19]} 40. Bxe6+ {[%clk 0:01:10]} Kf8 {[%clk 0:01:19]} 41. Nxd5
{[%clk 0:01:06]} Qa7 {[%clk 0:01:18]} 42. b4 {[%clk 0:01:01]} e3 {[%clk 0:01:04]}
43. bxc5 {[%clk 0:00:47]} e2 {[%clk 0:01:00]} 44. Qd2 {[%clk 0:00:44]} g5
{[%clk 0:00:47]} 45. Nc3 {[%clk 0:00:38]} Qa6 {[%clk 0:00:37]} 46. Qd8+
{[%clk 0:00:35]} Kg7 {[%clk 0:00:35]} 47. Qg8+ {[%clk 0:00:33]} Kh6
{[%clk 0:00:33]} 48. Qf8+ {[%clk 0:00:32]} Kh5 {[%clk 0:00:21]} 49. Qxf3+
{[%clk 0:00:31]} 1-0

[Event "2012"]
[Site "Pyhajarve"]
[Date "2012.11.25"]
[Round "18.1"]
[White "SHORT, Nigel"]
[Black "JARVET, Jyri"]
[Result "1-0"]
[LiveChessVersion "1.3.1"]
[BlackElo "2056"]
[WhiteElo "2702"]

1. e4 {[%clk 0:03:59]} e5 {[%clk 0:15:58]} 2. Nf3 Nc6 3. Bb5 {[%clk 0:03:57]} a6
{[%clk 0:15:56]} 4. Ba4 {[%clk 0:03:56]} Nf6 {[%clk 0:15:54]} 5. O-O
{[%clk 0:03:54]} Be7 {[%clk 0:15:50]} 6. Re1 {[%clk 0:03:52]} b5 {[%clk 0:15:46]}
7. Bb3 {[%clk 0:03:51]} O-O {[%clk 0:15:43]} 8. h3 {[%clk 0:03:48]} Bb7
{[%clk 0:15:39]} 9. d3 {[%clk 0:03:43]} d6 {[%clk 0:15:36]} 10. a4
{[%clk 0:03:38]} Na5 {[%clk 0:14:43]} 11. Ba2 {[%clk 0:03:37]} c5
{[%clk 0:14:25]} 12. c3 {[%clk 0:03:35]} Nc6 {[%clk 0:12:14]} 13. Nbd2
{[%clk 0:03:33]} Qc7 {[%clk 0:11:43]} 14. Nf1 {[%clk 0:03:32]} Nd8
{[%clk 0:09:43]} 15. Ne3 {[%clk 0:03:29]} Ne6 {[%clk 0:09:38]} 16. Nf5
{[%clk 0:03:26]} Rad8 {[%clk 0:08:59]} 17. Nh2 {[%clk 0:03:19]} c4
{[%clk 0:07:39]} 18. Ng4 {[%clk 0:03:17]} g6 {[%clk 0:05:08]} 19. Nxe7+
{[%clk 0:03:15]} Qxe7 {[%clk 0:05:07]} 20. axb5 {[%clk 0:03:12]} axb5 21. Nxf6+
{[%clk 0:03:10]} Qxf6 {[%clk 0:04:36]} 22. dxc4 {[%clk 0:03:09]} bxc4
{[%clk 0:03:54]} 23. Bxc4 {[%clk 0:03:07]} Nf4 {[%clk 0:03:35]} 24. Bxf4
{[%clk 0:03:01]} Qxf4 {[%clk 0:03:26]} 25. Qg4 {[%clk 0:02:59]} Qh6
{[%clk 0:02:44]} 26. Ra7 {[%clk 0:02:55]} Bc8 {[%clk 0:02:40]} 27. Qe2
{[%clk 0:02:51]} Qg5 {[%clk 0:02:37]} 28. Qe3 {[%clk 0:02:49]} Qf6
{[%clk 0:02:12]} 29. Bd5 {[%clk 0:02:46]} Be6 {[%clk 0:02:05]} 30. Rd1
{[%clk 0:02:45]} Bxd5 {[%clk 0:01:59]} 31. Rxd5 {[%clk 0:02:44]} Qe6
{[%clk 0:01:58]} 32. c4 {[%clk 0:02:42]} f5 {[%clk 0:01:53]} 33. exf5
{[%clk 0:02:37]} Rxf5 {[%clk 0:01:52]} 34. Qh6 {[%clk 0:02:28]} Qf6
{[%clk 0:01:48]} 35. Qxh7+ {[%clk 0:02:25]} 1-0

[Event "2012"]
[Site "Pyhajarve"]
[Date "2012.11.25"]
[Round "18.2"]
[White "SCHULS, Olev"]
[Black "MIEZIS, Normunds"]
[Result "1-0"]
[LiveChessVersion "1.3.1"]
[BlackElo "2512"]
[WhiteElo "2224"]

1. e4 {[%clk 0:13:58]} c5 {[%clk 0:05:58]} 2. Nf3 {[%clk 0:13:58]} e6 3. d4 cxd4
4. Nxd4 a6 {[%clk 0:05:52]} 5. Bd3 {[%clk 0:13:56]} Nc6 {[%clk 0:05:49]} 6. Nxc6
{[%clk 0:13:55]} dxc6 {[%clk 0:05:47]} 7. O-O {[%clk 0:13:52]} e5
{[%clk 0:05:44]} 8. f4 {[%clk 0:13:51]} Nf6 {[%clk 0:05:41]} 9. f5
{[%clk 0:13:50]} h5 {[%clk 0:05:36]} 10. Kh1 {[%clk 0:13:38]} Bc5
{[%clk 0:05:29]} 11. Bg5 {[%clk 0:13:10]} h4 {[%clk 0:05:02]} 12. h3
{[%clk 0:13:03]} Be7 {[%clk 0:04:19]} 13. Bxf6 {[%clk 0:13:00]} Bxf6
{[%clk 0:03:55]} 14. a4 {[%clk 0:12:52]} O-O {[%clk 0:03:45]} 15. Qe2
{[%clk 0:12:42]} Qb6 {[%clk 0:03:12]} 16. b3 {[%clk 0:11:43]} a5 {[%clk 0:03:09]}
17. Nd2 {[%clk 0:11:41]} Qc5 {[%clk 0:03:07]} 18. Nf3 {[%clk 0:10:59]} b6
{[%clk 0:02:56]} 19. Qe1 {[%clk 0:10:43]} Qe7 {[%clk 0:02:53]} 20. Qf2
{[%clk 0:10:25]} Rb8 {[%clk 0:02:51]} 21. g3 {[%clk 0:10:01]} hxg3
{[%clk 0:02:44]} 22. Qxg3 {[%clk 0:10:01]} Rd8 {[%clk 0:02:36]} 23. h4
{[%clk 0:09:36]} Kf8 {[%clk 0:02:24]} 24. Ng5 {[%clk 0:09:32]} Rd4
{[%clk 0:01:52]} 25. Qg4 {[%clk 0:09:14]} Qe8 {[%clk 0:01:23]} 26. Bc4
{[%clk 0:08:58]} Rb7 {[%clk 0:01:16]} 27. c3 {[%clk 0:08:42]} Rxc4
{[%clk 0:01:07]} 28. bxc4 {[%clk 0:08:41]} Ke7 {[%clk 0:01:04]} 29. Rfd1
{[%clk 0:08:27]} Bd7 {[%clk 0:01:00]} 30. Rd2 {[%clk 0:08:16]} c5
{[%clk 0:00:57]} 31. Kg2 {[%clk 0:07:56]} Bxa4 {[%clk 0:00:53]} 32. Nh7
{[%clk 0:07:46]} Bb3 {[%clk 0:00:51]} 33. Nxf6 {[%clk 0:07:39]} gxf6
{[%clk 0:00:49]} 34. Rb2 {[%clk 0:07:24]} a4 {[%clk 0:00:47]} 35. Rd2
{[%clk 0:07:20]} Rb8 {[%clk 0:00:46]} 36. h5 {[%clk 0:07:05]} Qh8
{[%clk 0:00:44]} 37. Kf3 {[%clk 0:06:48]} Rg8 {[%clk 0:00:42]} 38. Qh4
{[%clk 0:06:27]} Qh6 {[%clk 0:00:40]} 39. Rg2 {[%clk 0:06:10]} Rd8
{[%clk 0:00:31]} 40. Kg3 {[%clk 0:05:46]} Rd3+ {[%clk 0:00:29]} 41. Kh2
{[%clk 0:05:45]} Rxc3 {[%clk 0:00:25]} 42. Rf1 {[%clk 0:05:25]} a3
{[%clk 0:00:23]} 43. Rg6 {[%clk 0:05:17]} fxg6 {[%clk 0:00:16]} 44. fxg6
{[%clk 0:05:17]} Qd2+ {[%clk 0:00:10]} 45. Rf2 {[%clk 0:05:15]} 1-0

[Event "2012"]
[Site "Pyhajarve"]
[Date "2012.11.25"]
[Round "18.3"]
[White "KULAOTS, Kaido"]
[Black "SEEMAN, Tarvo"]
[Result "1/2-1/2"]
[LiveChessVersion "1.3.1"]
[BlackElo "2386"]
[WhiteElo "2537"]

1. e4 {[%clk 0:07:59]} c5 {[%clk 0:12:00]} 2. Nf3 {[%clk 0:07:58]} g6
{[%clk 0:11:59]} 3. d4 {[%clk 0:07:54]} cxd4 {[%clk 0:11:57]} 4. Nxd4
{[%clk 0:07:53]} Bg7 {[%clk 0:11:57]} 5. Nc3 {[%clk 0:07:51]} Nc6
{[%clk 0:11:56]} 6. Be3 {[%clk 0:07:49]} Nf6 {[%clk 0:11:55]} 7. Bc4
{[%clk 0:07:47]} O-O {[%clk 0:11:53]} 8. Bb3 {[%clk 0:07:44]} d6 {[%clk 0:11:53]}
9. f3 {[%clk 0:07:43]} Bd7 {[%clk 0:11:51]} 10. h4 {[%clk 0:07:34]} Qa5
{[%clk 0:11:49]} 11. g4 {[%clk 0:07:21]} Ne5 {[%clk 0:10:32]} 12. Qd2
{[%clk 0:06:54]} Rfc8 {[%clk 0:10:15]} 13. h5 {[%clk 0:06:35]} Rc4
{[%clk 0:09:36]} 14. Bxc4 {[%clk 0:06:08]} Nxc4 {[%clk 0:09:33]} 15. Qc1
{[%clk 0:05:52]} Rc8 {[%clk 0:09:05]} 16. Nb3 {[%clk 0:05:33]} Qa6
{[%clk 0:08:52]} 17. Bd4 {[%clk 0:05:25]} b5 {[%clk 0:08:28]} 18. hxg6
{[%clk 0:05:14]} fxg6 {[%clk 0:08:08]} 19. Nd5 {[%clk 0:04:43]} e5
{[%clk 0:07:34]} 20. Nxf6+ {[%clk 0:04:28]} Bxf6 {[%clk 0:07:33]} 21. Qh6
{[%clk 0:03:50]} Bg7 {[%clk 0:07:11]} 22. Qxh7+ Kf7 23. Bc3 {[%clk 0:02:39]} Rh8
{[%clk 0:06:55]} 24. Qxh8 {[%clk 0:02:38]} Bxh8 {[%clk 0:06:54]} 25. Rxh8
{[%clk 0:02:37]} b4 {[%clk 0:06:53]} 26. Bxb4 {[%clk 0:02:17]} Ne3
{[%clk 0:06:35]} 27. Kd2 {[%clk 0:01:59]} Nc4+ {[%clk 0:05:57]} 28. Kd1
{[%clk 0:01:22]} Ne3+ {[%clk 0:05:45]} 29. Kd2 {[%clk 0:01:21]} Nc4+
{[%clk 0:05:45]} 30. Kd1 {[%clk 0:01:20]} Ne3+ {[%clk 0:05:44]} 31. Kd2
{[%clk 0:01:19]} Nc4+ {[%clk 0:05:44]} 32. Kd1 {[%clk 0:01:19]} 1/2-1/2

[Event "2012"]
[Site "Pyhajarve"]
[Date "2012.11.25"]
[Round "18.4"]
[White "VOLODIN, Aleksandr"]
[Black "LIIVA, Riho"]
[Result "1/2-1/2"]
[LiveChessVersion "1.3.1"]
[BlackElo "2451"]
[WhiteElo "2446"]

1. d4 {[%clk 0:09:58]} e6 {[%clk 0:10:00]} 2. c4 {[%clk 0:09:57]} d5
{[%clk 0:09:59]} 3. Nc3 {[%clk 0:09:56]} Nf6 {[%clk 0:09:58]} 4. cxd5
{[%clk 0:09:56]} exd5 {[%clk 0:09:57]} 5. Bg5 {[%clk 0:09:55]} Be7
{[%clk 0:09:56]} 6. Qc2 {[%clk 0:09:54]} c6 {[%clk 0:09:55]} 7. e3
{[%clk 0:09:53]} O-O {[%clk 0:09:53]} 8. Bd3 {[%clk 0:09:52]} Nbd7
{[%clk 0:09:52]} 9. Nf3 {[%clk 0:09:51]} Re8 {[%clk 0:09:50]} 10. O-O
{[%clk 0:09:49]} Nf8 {[%clk 0:09:49]} 11. h3 {[%clk 0:09:47]} h6 {[%clk 0:09:45]}
1/2-1/2

[Event "2012"]
[Site "Pyhajarve"]
[Date "2012.11.25"]
[Round "18.5"]
[White "TUULIK, Ylo"]
[Black "SEPP, Olav"]
[Result "0-1"]
[LiveChessVersion "1.3.1"]
[BlackElo "2446"]
[WhiteElo "1923"]

1. d4 {[%clk 0:15:58]} Nf6 {[%clk 0:04:00]} 2. Nf3 g6 3. e3 {[%clk 0:15:55]} Bg7
{[%clk 0:03:59]} 4. Bd3 {[%clk 0:15:53]} d6 {[%clk 0:03:58]} 5. Bd2
{[%clk 0:15:49]} Nbd7 {[%clk 0:03:57]} 6. c3 {[%clk 0:15:48]} e5 {[%clk 0:03:56]}
7. Be2 {[%clk 0:15:45]} b6 {[%clk 0:03:55]} 8. Bc4 {[%clk 0:15:35]} Bb7
{[%clk 0:03:52]} 9. Bb3 {[%clk 0:15:04]} Qe7 {[%clk 0:03:46]} 10. Ng5
{[%clk 0:14:52]} O-O {[%clk 0:03:38]} 11. h4 {[%clk 0:14:39]} Bxg2
{[%clk 0:03:25]} 12. Rg1 {[%clk 0:14:38]} Bd5 {[%clk 0:03:24]} 13. Bc2
{[%clk 0:14:23]} exd4 {[%clk 0:03:15]} 14. cxd4 {[%clk 0:14:18]} c5
{[%clk 0:03:12]} 15. Bc3 {[%clk 0:13:38]} Ne4 {[%clk 0:02:50]} 16. Nd2
{[%clk 0:13:21]} Nxg5 {[%clk 0:02:33]} 17. hxg5 {[%clk 0:13:12]} cxd4
{[%clk 0:02:32]} 18. Bb4 {[%clk 0:12:56]} dxe3 {[%clk 0:02:30]} 19. Nf3
{[%clk 0:12:47]} exf2+ {[%clk 0:02:20]} 20. Kxf2 {[%clk 0:12:46]} Bxf3
{[%clk 0:02:16]} 21. Qxf3 {[%clk 0:12:34]} Rac8 {[%clk 0:02:14]} 22. Bc3
{[%clk 0:12:27]} Bxc3 {[%clk 0:02:11]} 23. bxc3 {[%clk 0:12:26]} Ne5
{[%clk 0:02:03]} 24. Qf6 {[%clk 0:11:56]} Qxf6+ {[%clk 0:02:01]} 25. gxf6
{[%clk 0:11:56]} Rxc3 {[%clk 0:02:00]} 26. Bb3 {[%clk 0:11:54]} h5
{[%clk 0:01:54]} 27. Rae1 {[%clk 0:11:50]} Ng4+ {[%clk 0:01:50]} 28. Kg2
{[%clk 0:11:39]} Nxf6 {[%clk 0:01:49]} 29. Kh1 {[%clk 0:11:32]} Kg7
{[%clk 0:01:48]} 30. Re7 {[%clk 0:11:23]} a5 {[%clk 0:01:44]} 31. Rge1
{[%clk 0:11:16]} b5 {[%clk 0:01:40]} 32. Bd1 {[%clk 0:11:11]} Rc1
{[%clk 0:01:38]} 33. Bf3 {[%clk 0:11:01]} Rxe1+ {[%clk 0:01:37]} 34. Rxe1
{[%clk 0:10:59]} Rc8 {[%clk 0:01:36]} 0-1

[Event "2012"]
[Site "Pyhajarve"]
[Date "2012.11.25"]
[Round "18.6"]
[White "VIHMAND, Ants"]
[Black "HAAVAMAE, Henrik"]
[Result "1-0"]
[LiveChessVersion "1.3.1"]
[BlackElo "1902"]
[WhiteElo "2176"]

1. e4 {[%clk 0:07:58]} e5 {[%clk 0:11:50]} 2. Ne2 {[%clk 0:07:49]} Nf6
{[%clk 0:11:40]} 3. f4 {[%clk 0:07:45]} exf4 {[%clk 0:11:08]} 4. Nxf4
{[%clk 0:07:41]} Nxe4 {[%clk 0:10:06]} 5. Qe2 {[%clk 0:07:39]} Qe7
{[%clk 0:10:01]} 6. Nd5 {[%clk 0:07:38]} Qe5 {[%clk 0:09:51]} 7. Nbc3
{[%clk 0:07:36]} c6 {[%clk 0:09:06]} 8. d4 {[%clk 0:07:34]} Qxd4 {[%clk 0:08:23]}
9. Be3 {[%clk 0:07:33]} Nxc3 {[%clk 0:07:40]} 10. Bg5+ {[%clk 0:07:31]} Nxe2
{[%clk 0:07:26]} 11. Nc7# 1-0